000 00441nam a2200169 a 4500
001 0000-9031
003 ELIB.Books
008 110520 1968
035 _a(ELIB.Books)0000-9180
082 _a225.7
_bGre
100 _aGreen, Michael
245 _aTyndale (2 Peter and Epistle of Jude)
260 _bLeicester: Inter-Varsity Press
_c1968
650 _aCommentaries
942 _2ddc
_cBK
998 _cbat
_e2011-05-20
999 _c9031
_d9031